|
|
|
|
| LEADER |
01556nam a2200445 a 4500 |
| 001 |
nkc20081808620 |
| 003 |
CZ PrNK |
| 005 |
20090302102052.0 |
| 007 |
ta |
| 008 |
080616s2008 xr a e p 000 0 cze |
| 015 |
|
|
|a cnb001808620
|
| 020 |
|
|
|a 978-80-7399-423-5
|q (brož.)
|
| 035 |
|
|
|a (OCoLC)237196798
|
| 040 |
|
|
|a BOA001
|b cze
|d ABA001
|
| 072 |
|
7 |
|a 004.7
|x Počítačové sítě
|2 Konspekt
|9 23
|
| 072 |
|
7 |
|a 37.016
|x Učební osnovy. Vyučovací předměty. Učebnice
|2 Konspekt
|9 22
|
| 080 |
|
|
|a 004.738.5
|2 MRF
|
| 080 |
|
|
|a 004.738.52
|2 MRF
|
| 080 |
|
|
|a (07)
|2 MRF
|
| 100 |
1 |
|
|a Škyřík, Petr,
|d 1981-
|7 mzk2008458803
|4 aut
|
| 245 |
1 |
0 |
|a Nástroje a možnosti internetu /
|c Petr Škyřík
|
| 250 |
|
|
|a V Tribunu EU vyd. 1.
|
| 260 |
|
|
|a Brno :
|b Tribun EU,
|c 2008
|
| 300 |
|
|
|a 105 s. :
|b il. ;
|c 21 cm
|
| 490 |
1 |
|
|a Knihovnicka.cz
|
| 500 |
|
|
|a Terminologický slovník
|
| 504 |
|
|
|a Obsahuje bibliografii a bibliografické odkazy
|
| 650 |
0 |
7 |
|a internet
|7 ph117022
|2 czenas
|
| 650 |
0 |
7 |
|a World Wide Web
|7 ph117165
|2 czenas
|
| 650 |
0 |
9 |
|a Internet
|2 eczenas
|
| 650 |
0 |
9 |
|a World Wide Web
|2 eczenas
|
| 655 |
|
7 |
|a učební texty
|7 fd133599
|2 czenas
|
| 655 |
|
9 |
|a educational texts
|2 eczenas
|
| 830 |
|
0 |
|a Knihovnicka.cz
|0 s
|
| 910 |
2 |
|
|a BOA001
|b 2-1207.329
|
| 990 |
|
|
|a BK
|
| 995 |
|
|
|a 01
|
| 991 |
|
|
|b 200806
|c NOV
|
| 996 |
6 |
|
|b 2610346581
|c 2-1207.329
|l MZK
|r Sklad / do 1 hodiny
|n 11
|p p.v.
|w 000901129
|u 000010
|a 1
|e BOA001
|j MZK50
|s P
|
| 996 |
7 |
|
|b 2610369752
|c 2-1207.329
|l Vol.výběr
|r VV 0p
|n 38
|p p.v.
|h 004.7 ŠKY
|w 000901129
|u 000020
|a 0
|e BOA001
|j MZK50
|s A
|